| 000 | 00423nam a2200133Ia 4500 | ||
|---|---|---|---|
| 008 | 250506s9999 xx 000 0 und d | ||
| 024 | _a10B-35-BS, 10B-29-BS & 10B-22-BS | ||
| 082 | _a058.403072 UMA | ||
| 100 | _aUmair Farooq, Mehwish & M. Mohsin Khan | ||
| 245 | 0 | _aHuman Capital Information System (HCIS) | |
| 260 |
_aKarachi: _bUIT, _c2010 |
||
| 600 | _aComputer Science | ||
| 650 | _aBachelor of Computer Science (BS) | ||
| 999 |
_c27527 _d27527 |
||